书目信息 |
| 题名: |
全国硕士研究生入学统一考试
|
|
| 作者: | 苏德矿 , 陈维新 , 黄柏琴 主编 | |
| 分册: | 数学辅导讲义(理工类) | |
| 出版信息: | 杭州 浙江大学出版社 2010.03 |
|
| 页数: | 573页 | |
| 开本: | 26cm | |
| 丛书名: | 全国硕士研究生入学统一考试辅导系列 | |
| 单 册: | ||
| 中图分类: | O13 | |
| 科图分类: | ||
| 主题词: | 高等数学--gao deng shu xue--研究生--入学考试--升学参考资料 | |
| 电子资源: | ||
| ISBN: | 978-7-308-06695-2 | |
| 000 | 01504nam 2200337 450 | |
| 001 | 012010406290 | |
| 005 | 20100627152545.71 | |
| 010 | @a978-7-308-06695-2@dCNY62.00 | |
| 100 | @a20100627d2010 em y0chiy0120 ea | |
| 101 | 0 | @achi |
| 102 | @aCN@b330000 | |
| 105 | @aa z 000yy | |
| 106 | @ar | |
| 200 | 1 | @a全国硕士研究生入学统一考试@Aquan guo shuo shi yan jiu sheng ru xue tong yi kao shi@i数学辅导讲义(理工类)@f苏德矿, 陈维新, 黄柏琴主编@Fsu de kuang,chen wei xin,huang bai qin zhu bian |
| 205 | @a第2版 | |
| 210 | @a杭州@c浙江大学出版社@d2010.03 | |
| 215 | @a573页@c图@d26cm | |
| 225 | 2 | @a全国硕士研究生入学统一考试辅导系列@Aquan guo shuo shi yan jiu sheng ru xue tong yi kao shi fu dao xi lie |
| 225 | 2 | @a樊博头考研系列@Afan bo tou kao yan xi lie |
| 330 | @a全书共分十一讲,均按重点知识结构图、基本内容、重点、典型例题解析顺序编写。“重点知识结构图”给出了该单元重点知识及其关系,可使读者整体了解需掌握的知识,领会其内在联系。 | |
| 410 | 0 | @12001 @a全国硕士研究生入学统一考试辅导系列 |
| 410 | 0 | @12001 @a樊博头考研系列 |
| 516 | 1 | @a考研2011数学辅导讲义(理工类)@Akao yan 2011 shu xue fu dao jiang yi(li gong lei) |
| 517 | 1 | @a数学辅导讲义(理工类)@Ashu xue fu dao jiang yi(li gong lei) |
| 606 | 0 | @a高等数学@Agao deng shu xue@x研究生@x入学考试@j升学参考资料 |
| 690 | @aO13@v4 | |
| 701 | 0 | @a苏德矿@Asu de kuang@4主编 |
| 701 | 0 | @a陈维新@Achen wei xin@4主编 |
| 701 | 0 | @a黄柏琴@Ahuang bai qin@4主编 |
| 801 | 0 | @aCN@bQSSK@c20100627 |
| 905 | @b784964-66@dO13@eS802@f3 | |
| 全国硕士研究生入学统一考试.数学辅导讲义(理工类)/苏德矿, 陈维新, 黄柏琴主编.-第2版.-杭州:浙江大学出版社,2010.03 |
| 573页:图;26cm.-(全国硕士研究生入学统一考试辅导系列).-(樊博头考研系列) |
| ISBN 978-7-308-06695-2:CNY62.00 |
| 全书共分十一讲,均按重点知识结构图、基本内容、重点、典型例题解析顺序编写。“重点知识结构图”给出了该单元重点知识及其关系,可使读者整体了解需掌握的知识,领会其内在联系。 |
| ● |
| 相关链接 |
|
|
|
正题名:全国硕士研究生入学统一考试
索取号:O13/S802
 
预约/预借
| 序号 | 登录号 | 条形码 | 馆藏地/架位号 | 状态 | 备注 |
| 1 | 784964 | 207849649 | 自科库401/401自科库 107排2列2层/ [索取号:O13/S802] | 在馆 | |
| 2 | 784965 | 207849658 | 自科库401/ [索取号:O13/S802] | 在馆 | |
| 3 | 784966 | 207849667 | 自科二线504/504自科库 48排6列6层/ [索取号:O13/S802] | 在馆 |